| 000 | 00629nam a2200181Ia 4500 | ||
|---|---|---|---|
| 008 | 100917s9999 xx 000 0 und d | ||
| 082 | _b22514 | ||
| 100 | _aपंडित बाळ ज. | ||
| 245 | _aक्रिकेट - चौकार षटकार भाग-1 | ||
| 260 |
_bनीलकंठ प्रकाशन _c1971 |
||
| 300 | _a138 | ||
| 365 | _b6 | ||
| 520 | _aक्रिकेट | ||
| 630 | _aक्रिकेट - चौकार षटकार भाग-1 | ||
| 650 | _aक्रिकेट | ||
| 730 | _aक्रिकेट - चौकार षटकार भाग-1 | ||
| 942 | _cBOOK | ||
| 999 |
_c627908 _d627905 |
||